000 00535nam a2200145Ia 4500
008 170725s9999 xx 000 0 und d
100 _aCarlos Martin-Rios
245 _aTeaching HRM in contemporary hospitality management: a case study drawing on HR analytics and big data analysis
245 _cCarlos Martin-Rios, Stephanie Pougnet & Ana Maria Nogareda
260 _c2017
300 _apages 34-54, January-March
440 _aJournal of Teaching in Travel & Tourism
_v17:1
500 _aCJ0026
650 _aHospitality Education
999 _c340872
_d340872